000 00608nam a2200229Ia 4500
008 160803s9999 xx 000 0 und d
020 _a0 590738038
100 _aBarabas, Kathy
245 _aLet's find out about money /
245 _cby Kathy Barabas ; [mint photographs by David Swanson].
260 _aNew York :
260 _bScholastic Inc.
260 _c1997
300 _a24 pages :
300 _bcolor illustrations ;
300 _c21 x 26 cm.
650 _aCoins --
650 _aMoney --
650 _xJuvenile literature.
650 _xJuvenile literature.
700 _a451
999 _c299530
_d299530